00341 a2200109 4500001001000000005001700010008004100027245006100068100002500129773006000154999001700214ART_2393920260410161933.0260409a 10aLa enseñenza de administración de empresas en Europa1 aVulovic, Pedro Jorge0 tInformeg- Año VII, Nº 43 (ene./feb. 1975)wREV23765 c28742d28742